Preferencia k intuícii a uvažovaniu (PID) a ich súvislosť s množstvom spracúvaných informácií pri rozhodovaní

Salvato in:
Dettagli Bibliografici
Autore principale: Hanák, Róbert, 1979-
Altri autori: Čavojová, Vladimíra, Ballová Mikušková, Eva
Natura: Capitolo di libro
Lingua:slovacco
Tags: Aggiungi Tag
Nessun Tag, puoi essere il primo ad aggiungerne!!

MARC

LEADER 00000nla a2200000 4500
001 0177839
005 20240502073026.9
041 0 |a slo 
044 |a SK 
245 1 0 |a Preferencia k intuícii a uvažovaniu (PID) a ich súvislosť s množstvom spracúvaných informácií pri rozhodovaní  |c Róbert Hanák, Vladimíra Čavojová, Eva Ballová Mikušková 
100 1 |a Hanák, Róbert, 1979- 
700 1 |a Čavojová, Vladimíra 
700 1 |a Ballová Mikušková, Eva